000 00412cam a22001217a 4500
008 180718b1975 xxu||||| |||| 00| 0 eng d
082 _aA81x54 In2/71/7/Pt 4 A & B
100 _aCensus of India 1971
245 _aHimachal Pradesh: housing report and tables
260 _aDelhi
_bThe Controller of Publications
_c1975
300 _a165+p.
440 _aCensus of India 1971. Series-7, Himachal Pradesh. Part IV-A & B
999 _c485125
_d485125